Score 0/15 Timer 04:00
0 Plays Today
% Correct
Apple
99.4%
Strawberry
97.7%
Cherry
96.9%
Lemon
96%
Orange
96%
Pineapple
95.8%
Banana
95.5%
Grape
95.5%
% Correct
Watermelon
94.2%
Lime
93.9%
Kiwifruit
93.6%
Blueberry
92.8%
Pumpkin
90.9%
Grapefruit
89.9%
Avocado
87.2%
Remove Ads.
Support Sporcle.
Get the best of Sporcle when you Go Orange. This ad-free experience offers more features, more stats, and more fun while also helping to support Sporcle. Thank you for becoming a member.

You're not logged in!

Compare scores with friends on all Sporcle quizzes.
OR
Log In

Show Comments

Extras

Top Quizzes Today


Score Distribution

Your Account Isn't Verified!

In order to create a playlist on Sporcle, you need to verify the email address you used during registration. Go to your Sporcle Settings to finish the process.

Report this User

Report this user for behavior that violates our Community Guidelines.

Details: